Linguistics of the history of english (Record no. 1436107)

MARC details
000 -LEADER
fixed length control field 00795 a2200241 4500
005 - DATE AND TIME OF LATEST TRANSACTION
control field 20251014141125.0
008 - FIXED-LENGTH DATA ELEMENTS--GENERAL INFORMATION
fixed length control field 251014b |||||||| |||| 00| 0 eng d
020 ## - INTERNATIONAL STANDARD BOOK NUMBER
International Standard Book Number 9783031416910 (pbk)
037 ## - SOURCE OF ACQUISITION
Terms of availability TB
040 ## - CATALOGING SOURCE
Original cataloging agency CRL
Transcribing agency CRL
041 ## - LANGUAGE CODE
Source of code eng
Language code of text/sound track or separate title eng
084 ## - COLON CLASSIFICATION NUMBER
Classification number P111v R3
Assigning agency CRL
100 ## - MAIN ENTRY--PERSONAL NAME
Personal name Knooihuizen, Remco
9 (RLIN) 822370
245 ## - TITLE STATEMENT
Title Linguistics of the history of english
260 ## - PUBLICATION, DISTRIBUTION, ETC.
Place of publication, distribution, etc. Cham, Switzerland:
Name of publisher, distributor, etc. Palgrave Macmillan,
Date of publication, distribution, etc. 2023.
300 ## - PHYSICAL DESCRIPTION
Extent xi, 210p.
365 ## - TRADE PRICE
Price amount 44.99
Currency code EURO
650 ## - SUBJECT ADDED ENTRY--TOPICAL TERM
Topical term or geographic name entry element Language and Languages
9 (RLIN) 848246
650 ## - SUBJECT ADDED ENTRY--TOPICAL TERM
Topical term or geographic name entry element English Language
9 (RLIN) 848247
650 ## - SUBJECT ADDED ENTRY--TOPICAL TERM
Topical term or geographic name entry element Linguistics
9 (RLIN) 848248
942 ## - ADDED ENTRY ELEMENTS (KOHA)
Koha item type Textbook
Source of classification or shelving scheme Colon Classification (CC)
Suppress in OPAC No
Classification part P111v R3
Holdings
Withdrawn status Lost status Source of classification or shelving scheme Damaged status Not for loan Home library Current library Date acquired Source of acquisition Cost, normal purchase price Inventory number Total Checkouts Full call number Barcode Date last seen Cost, replacement price Price effective from Koha item type
    Colon Classification (CC)     Central Library Central Library 2025-10-09 58/ Segment Book Distributors 3756.13 70819 & 2025-10-01   P111v R3 CL1923817 2025-10-09 4695.16 2025-10-09 Textbook
Copyright @ Delhi University Library System